MARC

LEADER 00000nam0a2200000 4500
001 300712
005 20231102001329.0
020 |a RU  |b 83-5615 
035 |a (RuTPU)RU\TPU\book\325865 
090 |a 300712 
100 |a 20150715d1983 km y0rusy5003 ca 
101 0 |a rus 
102 |a RU 
105 |a a z 001zy 
200 1 |a Пригар на отливках  |f И. В. Валисовский 
210 |a Москва  |c Машиностроение  |d 1983 
215 |a 192 с.  |c ил. 
320 |a Библиогр.: с. 188-191 
606 1 |a Отливки  |x Дефекты  |x Предупреждение  |2 stltpush  |3 (RuTPU)RU\TPU\subj\47708  |9 66629 
610 1 |a формовочные смеси 
610 1 |a литье 
610 1 |a пороки 
610 1 |a пригар 
610 1 |a образование 
610 1 |a температура 
610 1 |a поверхности 
610 1 |a пористость 
610 1 |a расплавы 
610 1 |a противопригарные средства 
675 |a 621.74.002.6  |z rus  |v 3 
700 1 |a Валисовский  |b И. В.  |g Игорь Васильевич  |4 070 
801 0 |a RU  |b RuMRKP  |c 19950704  |g psbo 
801 1 |a RU  |b 63413507  |c 20150715 
801 2 |a RU  |b 63413507  |c 20190214  |g RCR 
942 |c BK